<?xml version="1.0" encoding="UTF-8"?>
<collection xmlns="http://www.loc.gov/MARC21/slim">
 <record>
  <leader>03654ntm a22004937a 4500</leader>
  <controlfield tag="001">000240705</controlfield>
  <controlfield tag="003">CZ-PrVSE</controlfield>
  <controlfield tag="005">20130620221638.0</controlfield>
  <controlfield tag="006">m        d</controlfield>
  <controlfield tag="007">cr n||||||||||</controlfield>
  <controlfield tag="008">130620s2013    xr     fsbm   000 0 cze d</controlfield>
  <datafield tag="STA" ind1=" " ind2=" ">
   <subfield code="a">NEZPRACOVANÝ IMPORT</subfield>
  </datafield>
  <datafield tag="040" ind1=" " ind2=" ">
   <subfield code="a">ABA006</subfield>
   <subfield code="b">cze</subfield>
   <subfield code="c">ABA006</subfield>
   <subfield code="d">ABA006</subfield>
  </datafield>
  <datafield tag="100" ind1="1" ind2=" ">
   <subfield code="a">Roženský, Vojtěch</subfield>
   <subfield code="%">ISIS:8807</subfield>
   <subfield code="4">dis</subfield>
  </datafield>
  <datafield tag="242" ind1="1" ind2="0">
   <subfield code="a">Determinants of Social Expenditure Levels in the EU</subfield>
   <subfield code="y">eng</subfield>
  </datafield>
  <datafield tag="245" ind1="1" ind2="0">
   <subfield code="a">Determinanty sociálních výdajů v zemích EU</subfield>
   <subfield code="h">[elektronický zdroj] /</subfield>
   <subfield code="c">Vojtěch Roženský</subfield>
  </datafield>
  <datafield tag="260" ind1=" " ind2=" ">
   <subfield code="c">2013</subfield>
  </datafield>
  <datafield tag="300" ind1=" " ind2=" ">
   <subfield code="a">?? s. :</subfield>
   <subfield code="3">digital, PDF soubor</subfield>
  </datafield>
  <datafield tag="500" ind1=" " ind2=" ">
   <subfield code="a">Vedoucí práce: František Ochrana</subfield>
  </datafield>
  <datafield tag="502" ind1=" " ind2=" ">
   <subfield code="a">Disertační práce (Ph.D.)—Vysoká škola ekonomická v Praze. Fakulta financí a účetnictví, 2013</subfield>
  </datafield>
  <datafield tag="504" ind1=" " ind2=" ">
   <subfield code="a">Obsahuje bibliografii</subfield>
  </datafield>
  <datafield tag="516" ind1=" " ind2=" ">
   <subfield code="a">Textový (vysokoškolská kvalifikační práce)</subfield>
  </datafield>
  <datafield tag="518" ind1=" " ind2=" ">
   <subfield code="a">Rok obhajoby 2013</subfield>
  </datafield>
  <datafield tag="520" ind1="3" ind2=" ">
   <subfield code="a">Cílem práce je identifikace významných determinant úrovně sociálních výdajů v zemích EU a odhad citlivosti na tyto determinanty. Základní metodou výzkumu je panelová regresní analýza. Použit byl model s fixními efekty a robustními standardními chybami. Z celkem 24 testovaných faktorů bylo jako statisticky významných identifikováno 7. Úroveň sociálních výdajů je pozitivně závislá na stárnutí populace, míře nezaměstnanosti a ekonomické úrovni, a negativně na ekonomickém růstu. Dalšími robustními proměnnými jsou otevřenost ekonomiky a veřejný dluh. Přítomnost nábožensky zaměřené strany ve vládě je statisticky významná, avšak znaménko koeficientu není teoreticky konzistentní. S růstem podílu populace ve věku 65 let a více na celkové populaci stejně jako s růstem míry nezaměstnanosti o jeden procentní bod, vzroste úroveň sociálních výdajů přibližně o 0,3% HDP. Se zvýšením tempa růstu HDP o jeden procentní bod naopak klesne o 0,1% a s růstem otevřenosti ekonomiky o jeden procentní bod klesne o 0,03% HDP. Citlivost na ostatní determinanty nelze určit ani přibližně, a to z důvodu výrazné závislosti na specifikaci modelu, případně zkreslení extrémními hodnotami. Penzijní výdaje jsou relativně silněji závislé na demografické struktuře, nepenzijní výdaje naopak na fázi ekonomického cyklu. Mezi determinantami sociálních výdajů u původních a nových členských zemí EU je rozdíl pouze v efektu demografické struktury, který je v případě nových zemí slabší. Model dobře vysvětluje mezinárodní rozdíly v úrovni sociálních výdajů a vývojové tendence v průběhu sledovaného období.</subfield>
  </datafield>
  <datafield tag="538" ind1=" " ind2=" ">
   <subfield code="a">Způsob přístupu: Internet</subfield>
  </datafield>
  <datafield tag="653" ind1="0" ind2=" ">
   <subfield code="a">finance [obor disert. práce]</subfield>
  </datafield>
  <datafield tag="655" ind1=" " ind2="7">
   <subfield code="a">disertace</subfield>
   <subfield code="7">fd132024</subfield>
   <subfield code="2">czenas</subfield>
  </datafield>
  <datafield tag="655" ind1=" " ind2="9">
   <subfield code="a">dissertations</subfield>
   <subfield code="2">eczenas</subfield>
  </datafield>
  <datafield tag="690" ind1=" " ind2=" ">
   <subfield code="a">panelová regrese</subfield>
  </datafield>
  <datafield tag="690" ind1=" " ind2=" ">
   <subfield code="a">členské země EU</subfield>
  </datafield>
  <datafield tag="690" ind1=" " ind2=" ">
   <subfield code="a">sociální výdaje</subfield>
  </datafield>
  <datafield tag="700" ind1="1" ind2=" ">
   <subfield code="a">Ochrana, František,</subfield>
   <subfield code="d">1952-</subfield>
   <subfield code="7">jn20010310339</subfield>
   <subfield code="4">ths</subfield>
  </datafield>
  <datafield tag="700" ind1="1" ind2=" ">
   <subfield code="a">Izák, Vratislav,</subfield>
   <subfield code="d">1941-</subfield>
   <subfield code="7">jk01050583</subfield>
   <subfield code="4">opn</subfield>
  </datafield>
  <datafield tag="710" ind1="2" ind2=" ">
   <subfield code="a">Vysoká škola ekonomická v Praze.</subfield>
   <subfield code="b">Fakulta financí a účetnictví</subfield>
   <subfield code="7">kn20010709398</subfield>
  </datafield>
  <datafield tag="856" ind1="4" ind2="0">
   <subfield code="u">https://isis.vse.cz/zp/21433/podrobnosti</subfield>
   <subfield code="y">VŠKP v InSIS</subfield>
  </datafield>
  <datafield tag="856" ind1="4" ind2="0">
   <subfield code="u">https://isis.vse.cz/zp/21433</subfield>
   <subfield code="y">Hlavní práce</subfield>
  </datafield>
  <datafield tag="856" ind1="4" ind2="0">
   <subfield code="u">https://isis.vse.cz/zp/21433/posudek/oponent/32239</subfield>
   <subfield code="y">Oponentura</subfield>
  </datafield>
  <datafield tag="856" ind1="4" ind2="0">
   <subfield code="u">https://isis.vse.cz/zp/21433/posudek/oponent/32240</subfield>
   <subfield code="y">Oponentura</subfield>
  </datafield>
  <datafield tag="999" ind1="4" ind2="0">
   <subfield code="u">http://isis.vse.cz/zp/98646/podrobnosti</subfield>
   <subfield code="y">dc:identifier</subfield>
  </datafield>
  <datafield tag="993" ind1=" " ind2=" ">
   <subfield code="x">NEPOSILAT</subfield>
   <subfield code="y">VSKP</subfield>
  </datafield>
  <datafield tag="999" ind1="4" ind2="5">
   <subfield code="x">98646</subfield>
  </datafield>
  <datafield tag="999" ind1="4" ind2="9">
   <subfield code="a">vse21433</subfield>
   <subfield code="b">130620</subfield>
  </datafield>
 </record>
</collection>
